000 00417nam a22001817a 4500
999 _c11619
_d11619
003 OSt
008 221230b ||||| |||| 00| 0 eng d
020 _a9788120338784
082 _a650.144 LAC
100 _aLATA,Pushp
245 _aCommunicate to Conquer With CD
250 _aRep
260 _aNew Delhi
_bPHI
_c2015
300 _a136
650 _aGeneral Books
700 _aKUMAR,Sanjay
942 _2ddc
_cREF